Basics of structural dynamics and aseismic design / (Record no. 36697)

MARC details
000 -LEADER
fixed length control field 00799nam a22002297a 4500
005 - DATE AND TIME OF LATEST TRANSACTION
control field 2010061106036.0
008 - FIXED-LENGTH DATA ELEMENTS--GENERAL INFORMATION
fixed length control field 100611t xxu||||| |||| 00| 0 eng d
010 ## - LCCN (DPL NO)
LC control number ENG-96338
020 ## - INTERNATIONAL STANDARD BOOK NUMBER
International Standard Book Number 9788120338432
Terms of availability 295.00
035 ## - SYSTEM CONTROL NUMBER
System control number EN-79871
037 ## - SOURCE OF ACQUISITION
Source of stock number/acquisition DBAD/PUB
040 ## - CATALOGING SOURCE
Original cataloging agency DPL
Language of cataloging Eng
100 ## - MAIN ENTRY--PERSONAL NAME
Personal name Damodarasamy, S.R
245 ## - TITLE STATEMENT
Title Basics of structural dynamics and aseismic design /
Statement of responsibility, etc by S.R. Damodarasamy and S. Kavitha
260 ## - PUBLICATION, DISTRIBUTION, ETC. (IMPRINT)
Place of publication, distribution, etc New Delhi
Name of publisher, distributor, etc PHI
Date of publication, distribution, etc 2009
270 ## - ADDRESS
Address M-97, Connaught Circus,
City New Delhi
Postal code 110001
300 ## - PHYSICAL DESCRIPTION
Extent xv, 320p. :
Dimensions 24 cm. (Pbk)
Other physical details ill.
500 ## - GENERAL NOTE
General note includes biblographical references and index
700 ## - ADDED ENTRY--PERSONAL NAME
Personal name Kavitha, S
942 ## - ADDED ENTRY ELEMENTS (KOHA)
Source of classification or shelving scheme Dewey Decimal Classification
Item type English Books
Call number suffix DAM
Holdings
Withdrawn status Lost status Source of classification or shelving scheme Damaged status Not for loan Collection code Home library Current library Date acquired Source of acquisition Cost, normal purchase price Total Checkouts Full call number Barcode Date last seen Copy number Cost, replacement price Koha item type
    Dewey Decimal Classification   Not For Loan Non-fiction D.B.Act.Division D.B.Act.Division 15/05/2010 DBAD/PUB 295.00   DAM EN-79871 11/06/2010 1 295.00 English Books

© Delhi Public Library
Hit Counter
free hit counter